书目信息 |
| 题名: |
中国地热资源及开发利用
|
|
| 作者: | 田廷山 , 李明朗 , 白冶 编著 | |
| 分册: | ||
| 出版信息: | 北京 中国环境科学出版社 2006 |
|
| 页数: | 116页 | |
| 开本: | 26cm | |
| 丛书名: | ||
| 单 册: | ||
| 中图分类: | TK529 | |
| 科图分类: | ||
| 主题词: | 地热能--资源开发--研究--中国 , 地热能--资源利用--研究--中国 , 地热能 , 资源开发 , 资源利用 | |
| 电子资源: | ||
| ISBN: | 7-80209-286-8 | |
| 000 | 01065nam0 2200313 450 | |
| 001 | 003267476 | |
| 005 | 20070807162442.37 | |
| 010 | @a7-80209-286-8@dCNY25.00 | |
| 035 | @a003267476 | |
| 100 | @a20061019d2006 em y0chiy0110 ea | |
| 101 | 0 | @achi |
| 102 | @aCN@b110000 | |
| 105 | @ab z 000yy | |
| 106 | @ar | |
| 200 | 1 | @a中国地热资源及开发利用@Azhong guo di re zi yuan ji kai fa li yong@f田廷山,李明朗,白冶编著@Ftian ting shan, li ming lang, bai ye bian zhu |
| 210 | @a北京@c中国环境科学出版社@d2006 | |
| 215 | @a116页@c地图@d26cm | |
| 330 | @a本书根据我国大地构造背景,比较翔实地阐述了全国地热资源的形成与分布。在此基础上,总结了我国地热资源的勘查、开发和利用现状及存在的问题。 | |
| 606 | 0 | @a地热能@x资源开发@x研究@y中国 |
| 606 | 0 | @a地热能@x资源利用@x研究@y中国 |
| 606 | 0 | @a地热能 |
| 606 | 0 | @a资源开发 |
| 606 | 0 | @a资源利用 |
| 690 | @aTK529@v4 | |
| 701 | 0 | @a田廷山@Atian ting shan@4编著 |
| 701 | 0 | @a李明朗@Ali ming lang@c(地质学)@4编著 |
| 701 | 0 | @a白冶@Abai ye@4编著 |
| 801 | 0 | @aCN@bNLC@c20070807 |
| 905 | @dTK529@e96@f4 | |
| 中国地热资源及开发利用/田廷山,李明朗,白冶编著.-北京:中国环境科学出版社,2006 |
| 116页:地图;26cm |
| ISBN 7-80209-286-8:CNY25.00 |
| 本书根据我国大地构造背景,比较翔实地阐述了全国地热资源的形成与分布。在此基础上,总结了我国地热资源的勘查、开发和利用现状及存在的问题。 |
| ● |
| 相关链接 |
|
|
|
|
正题名:中国地热资源及开发利用
索取号:TK529/96
 
预约/预借
| 序号 | 登录号 | 条形码 | 馆藏地/架位号 | 状态 | 备注 |
| 1 | 0853479 | 208534790 | 第二样本阅览室/ [索取号:TK529/96] | 在馆 | |
| 2 | 0853480 | 208534807 | 第三借阅区/ [索取号:TK529/96] | 在馆 | |
| 3 | 0853481 | 208534816 | 第三借阅区/ [索取号:TK529/96] | 在馆 | |
| 4 | 0853482 | 208534825 | 第三借阅区/ [索取号:TK529/96] | 在馆 |